Famous African People by Picture - Statistics

General Stats
  • This quiz has been taken 423 times
  • The average score is 8 of 20
Answer Stats
Picture Answer % Correct
Nelson Mandela
96%
Cleopatra
81%
Muammar Gaddafi
80%
Mohamed Salah
56%
Charlize Theron
55%
Nefertiti
55%
Robert Mugabe
50%
Didier Drogba
49%
Haile Selassie
45%
Kofi Annan
45%
Shaka
33%
Iman
32%
Mansa Musa
32%
Lupita Nyong'o
27%
Sade
25%
Akon
24%
Hakeem Olajuwon
20%
Mobutu Sese Seko
18%
Gary Player
14%
Ellen Johnson Sirleaf
9%
No matching quizzes found
Score Distribution
Percent of People with Each Score
Percentile by Number Answered
Your Score History
You have not taken this quiz